<?xml version="1.0" encoding="UTF-8"?>
<collection xmlns:xsi="http://www.w3.org/2001/XMLSchema-instance" xsi:schemaLocation="http://www.loc.gov/MARC21/slim http://www.loc.gov/standards/marcxml/schema/MARC21slim.xsd" xmlns="http://www.loc.gov/MARC21/slim">
 <record>
  <leader>00000caa a22000004a 4500</leader>
  <controlfield tag="001">UP-8027390931312556283</controlfield>
  <controlfield tag="003">Buklod</controlfield>
  <controlfield tag="005">20210715152806.0</controlfield>
  <controlfield tag="006">o--- |     ||   ||</controlfield>
  <controlfield tag="007">ta</controlfield>
  <controlfield tag="008">210715s        xx     d     r    |||| u|</controlfield>
  <datafield tag="035" ind1=" " ind2=" ">
   <subfield code="a">(iLib)UPCEB-00012051809</subfield>
  </datafield>
  <datafield tag="040" ind1=" " ind2=" ">
   <subfield code="a">emz</subfield>
  </datafield>
  <datafield tag="245" ind1="0" ind2="0">
   <subfield code="a">Teaching for Intellectual Virtue in Logic and Critical Thinking Classes</subfield>
   <subfield code="b">Why and How.</subfield>
  </datafield>
  <datafield tag="300" ind1=" " ind2=" ">
   <subfield code="a">pp. 1-27</subfield>
  </datafield>
  <datafield tag="520" ind1=" " ind2=" ">
   <subfield code="a">Introductory-level undergraduate classes in Logic or Critical Thinking are a staple in the portfolio of many Philosophy programs. A standard approach to these classes is to include teaching and learning activities focused on formal deductive and inductive logic, sometimes accompanied by teaching and learning activities focused on informal fallacies or argument construction. In this article, I discuss a proposal to include an additional element within these classes?namely, teaching and learning activities focused on intellectual virtues. After clarifying the proposal, I identify three reasons in favor of implementing it and I discuss how to implement it, focusing on questions about pedagogical strategies and pedagogical resources.</subfield>
  </datafield>
  <datafield tag="650" ind1="1" ind2="7">
   <subfield code="a">Philosophy</subfield>
   <subfield code="x">Periodicals.</subfield>
  </datafield>
  <datafield tag="650" ind1="1" ind2="7">
   <subfield code="a">Teaching</subfield>
   <subfield code="x">Periodicals.</subfield>
  </datafield>
  <datafield tag="700" ind1="1" ind2=" ">
   <subfield code="a">Byerly, T. B.</subfield>
  </datafield>
  <datafield tag="773" ind1="0" ind2=" ">
   <subfield code="a">Teaching Philosophy.</subfield>
   <subfield code="g">vol. 42, 1.  (Mar 2019).</subfield>
  </datafield>
  <datafield tag="773" ind1="0" ind2=" ">
   <subfield code="a">DOI: 10.5840/teachphil201911599.</subfield>
  </datafield>
  <datafield tag="942" ind1=" " ind2=" ">
   <subfield code="a">Analytics</subfield>
  </datafield>
 </record>
</collection>
